Traduction en-fr: Indicateurs de temps / Times indicators - Statistiques

Statistiques générales
  • Ce quiz a été pris 47 fois
  • Le résultat moyen est 7 sur 10
Statistiques - réponses
Mots en en/ Words in en Mots en fr/ Words in fr % Correct
Today Aujourd’hui
100%
Tomorrow Demain
100%
Yesterday Hier
100%
The morning Le matin
100%
The day after tomorrow Après-demain
76%
The day before tomorrow Avant hier
64%
Next week La semaine prochaine
62%
The next day Le lendemain
48%
Next evening Le soir prochain
31%
Last night Hier soir
29%
Aucun quiz correspondant
Distribution des résultats
% des personnes avec chaque résultat
Percentile par nombre de réponses
Votre historique - résultats
Vous n’avez pas pris ce quiz